Recibir el Concilio 50 años después: XXIII semana de estudios de Teología Pastoral

Shranjeno v:
Bibliografske podrobnosti
Korporativna značnica: Instituto Superior de Pastoral. Universidad Pontificia de Salamanca (Author)
Format: Knjiga
Jezik:španščina
Izdano: Pamplona Verbo Divino 2012
Izdaja:1a. ed
Teme:
Oznake: Označite
Brez oznak, prvi označite!

MARC

LEADER 00000cam a2200000 a 4500
001 UCE1730
003 CL-VaPUC
005 20250106155455.0
008 140508e20120000sp |||||||||||||||||spa|d
999 |c 355451  |d 355449 
020 |a 9788499453163 
040 |c Pontificia Universidad Católica de Valparaíso 
082 0 4 |a 262.5  |b INS  |2 21 
110 2 |a Instituto Superior de Pastoral. Universidad Pontificia de Salamanca  |e author  |9 574116 
245 1 0 |a Recibir el Concilio 50 años después: XXIII semana de estudios de Teología Pastoral 
250 |a 1a. ed 
260 |a Pamplona  |b Verbo Divino  |c 2012 
300 |a 382 p 
583 |a last modification  |c 20140508 16:03:00  |k Rodrigo Vera 
650 0 |a Concilio Vaticano II  |9 258399 
942 |c BK  |2 ddc 
945 |d 20140508 16:03:00  |a dcastane 
952 |0 0  |1 0  |3 erb  |4 0  |6 262_500000000000000_INS_2012  |7 0  |8 A  |9 462181  |a BIBTEO  |b BIBTEO  |i 5073812  |o 262.5 INS 2012  |p 5073812  |r 2025-01-17  |w 2019-11-23  |y BK  |z Catalogado en:20140508  |k ICR